Movie Franchise Character Sorting VII Quiz Stats

 Plays Quiz not verified by Sporcle

Challenge
Share
Tweet
Embed
Score 0/15 Timer 02:00
2 Plays Today
% Correct
Star Wars
97.6%
DC Comics
96.8%
Lord of the Rings
96.7%
Twilight
93%
Harry Potter
90%
Marvel Cinematic Universe
89.3%
Star Trek
86.7%
X-Men
86.6%
% Correct
Hunger Games
74.2%
Fast and the Furious
68.8%
Rocky
68.3%
Jurassic Park
58.5%
Mission: Impossible
49.8%
Pirates of the Caribbean
48%
Transformers
42.8%

You're not logged in!

Compare scores with friends on all Sporcle quizzes.
OR
Log In

You Might Also Like...

Show Comments

Extras

Top Quizzes Today


Score Distribution

Your Account Isn't Verified!

In order to create a playlist on Sporcle, you need to verify the email address you used during registration. Go to your Sporcle Settings to finish the process.

Report this User

Report this user for behavior that violates our Community Guidelines.

Details: